Human and ecological risk assessment theory and practice

Bibliographic Details
Main Author: Paustenbach, Dennis J.
Other Authors: Reily, William K.
Format: Book
Published: New york : John wiley & sons inc , 2002
Subjects:

MARC

LEADER 00000cam a2200000 7i4500
001 0000013767
005 20050425.0
020 |a 0471147478 
040 |a INS 
090 0 0 |a RA427.3   |b H854 2002 
100 1 |a Paustenbach, Dennis J. 
245 1 0 |a Human and ecological risk assessment theory and practice   |c Dennis J. Paustenbach 
260 |a New york :   |b John wiley & sons inc ,   |c 2002 
300 |a v :   |b 1556p ;   |c 24cm. 
650 0 0 |a Ecological risk management 
650 0 0 |a Health risk management 
700 1 |a Reily, William K. 
999 |a 0000010872   |b BOOK   |c Open Shelf   |e Default branch